تبصرة الأدلة : (Record no. 7466)
[ view plain ]
| 000 -الفاتح | |
|---|---|
| حقل البيانات ثابتة الطول | 01536nac a22002411u 4500 |
| 008 - عناصر البيانات ثابتة الطول - معلومات عامة | |
| حقل البيانات ثابتة الطول | 100721s1990 sy||||| |||| 00| 0 ara d |
| 082 ## - رقم تصنيف ديوى العشرى | |
| رقم التصنيف | 240 |
| رقم المادة | ن س ي |
| رقم الطبعة | 22 |
| 100 ## - المدخل الرئيسى - إسم شخصى | |
| الإسم الشخصى | النسفي ، أبى المعين ميمون بن محمد |
| 9 (RLIN) | 16559 |
| التواريخ المصاحبة للاسم | -508ه |
| 110 ## - المدخل الرئيسى - إسم هيئة | |
| اسم الهيئة أو اسم السلطة كمدخل | المعهد العلمى الفرنسي للدراسات العربية |
| 9 (RLIN) | 16561 |
| 245 ## - بيان العنوان | |
| العنوان | تبصرة الأدلة : |
| بقية العنوان | فى اصول الدين على طريقة الإمام أبى منصور الماتريدي / |
| بيان المسئوليه,etc | تأليف أبي المعين ميمون بن محمد النسفي ؛ تحقيق وتعليق كلود سلامة |
| 260 ## - PUBLICATION, DISTRIBUTION, ETC. (IMPRINT) | |
| مكان الناشر او الموزع | دمشق : |
| اسم الناشر او الموزع | المعهد العلمى الفرنسى للدراسات العربية ، 1990-1993 |
| تاريخ النشر أو التوزيع | 1990-1993 |
| 300 ## - الوصف المادى | |
| التعداد | 2 مج؛ |
| أبعاد الوعاء | 24 سم. |
| 500 ## - تبصرة عامة | |
| تبصرة عامة | يشتمل على كشافات |
| 500 ## - تبصرة عامة | |
| تبصرة عامة | يحتوى على صفحة عنوان ومقدمة باللغة الفرنسية |
| 511 ## - | |
| -- | Catalogued by: Sara |
| 541 ## - تبصرة المصدر المباشر للتزويد | |
| مصدر التزويد | الف باء ؛ |
| طريقة التزويد | شراء ؛ |
| 600 ## - المدخل الاضافى بالموضوع-اسم شخصى | |
| 9 (RLIN) | 16688 |
| الإسم الشخصى | الماتريدي، محمد بن محمد |
| 650 ## - المدخل الاضافى بالموضوع-مصطلح موضوعى | |
| مصطلح موضوعي أو اسم جغرافي كعنصر مدخل | علم الكلام |
| 9 (RLIN) | 16065 |
| 700 ## - المدخل الاضافى - اسم شخصى | |
| الإسم الشخصى | سلامة ، كلود |
| 9 (RLIN) | 16565 |
| الدور | تحقيق وتعليق |
| 942 ## - عناصر المدخل الإضافي( كوها) | |
| Koha [default] item type | Book - Borrowing |
| سابقة رقم الطلب | 240 ن س ي |
| مصدر التصنيف او مخطط الترفيف | Dewey Decimal Classification |
| حالة التراجع | حالة الفقد | مصدر التصنيف او خطة الترفيف | حالة تلف | ليس للاعارة | مجموعات كوها | المكان الدائم | المكان الحالي | موقع الترفيف | تاريخ الاكتساب | Source of acquisition | رقم الاستدعاء | الباركود | Date last seen | نوع الوعاء | تبصرة عامة |
|---|---|---|---|---|---|---|---|---|---|---|---|---|---|---|---|
| Dewey Decimal Classification | Alef-Baa | Central Library | Central Library | Lower Floor | 25/07/2010 | 240 ن س ي | 000008898 | 15/07/2025 | Book - Borrowing | ج1 | |||||
| Dewey Decimal Classification | Alef-Baa | Central Library | Central Library | Lower Floor | 25/07/2010 | 240 ن س ي | 000008574 | 15/07/2025 | Book - Borrowing | ج2 |